| 000 | 00378nam a22001097a 4500 | ||
|---|---|---|---|
| 005 | 20241016092419.0 | ||
| 008 | 241016b |||||||| |||| 00| 0 eng d | ||
| 245 | _aLucky residents of horseshoe troop to cook's barangay event / | ||
| 260 |
_aPhilippines; _bPhilippine Graphic Publishing Inc., _cJuly 2019. |
||
| 300 |
_aVolume 20, pages 50-53, _billustration. |
||
| 942 |
_2ddc _cPER |
||
| 999 |
_c22582 _d22582 |
||